La inclusión financiera para la inserción productiva y el papel de la banca de desarrollo (Registro nro. 4588)

Detalles MARC
000 -LEADER
fixed length control field 02496 a2200241 4500
001 - CONTROL NUMBER
control field 48400
005 - DATE AND TIME OF LATEST TRANSACTION
control field 20260407155748.0
008 - FIXED-LENGTH DATA ELEMENTS--GENERAL INFORMATION
fixed length control field 260407a2018 arg spa d
003 - CONTROL NUMBER IDENTIFIER
control field AR-UNSa-BCEJYS
040 ## - CATALOGING SOURCE
Original cataloging agency AR-UNSa-BCEJYS
Language of cataloging spa
Transcribing agency AR-UNSa-BCEJYS
080 ## - UNIVERSAL DECIMAL CLASSIFICATION NUMBER
Universal Decimal Classification number 336.11
Common auxiliary subdivision Finanzas públicas como estudio de la gestión financiera. Teoría, métodos de las finanzas públicas en general
020 ## - INTERNATIONAL STANDARD BOOK NUMBER
International Standard Book Number 978-92-1-121998-2
041 ## - LANGUAGE CODE
Language code of text/sound track or separate title spa
100 1# - MAIN ENTRY--PERSONAL NAME
Personal name Pérez Caldentey, Esteban
245 10 - TITLE STATEMENT
Title La inclusión financiera para la inserción productiva y el papel de la banca de desarrollo
264 #1 - PRODUCTION, PUBLICATION, DISTRIBUTION, MANUFACTURE, AND COPYRIGHT NOTICE
Place of production, publication, distribution, manufacture Santiago de Chile :
Name of producer, publisher, distributor, manufacturer CEPAL (Comisión Económica para América Latina y el Caribe)
Date of production, publication, distribution, manufacture, or copyright notice 2018
300 ## - PHYSICAL DESCRIPTION
Extent 355 p.
Dimensions 22 cm.
505 ## - FORMATTED CONTENTS NOTE
Formatted contents note 1. Hechos estilizados sobre la inclusión financiera en América Latina / Georgina Cipoletta Tomassia; Adriana Matos - 2. La banca de desarrollo y la innovación para la inclusión financiera / Esteban Pérez Caldentey; Daniel Titelman - 3. Inclusión financiera de las pequeñas y medianas empresas en la Argentina / Sergio Woyecheszen, en colaboración con María Delfina Rossi - 4. Inclusión financiera de las micro, pequeñas y medianas empresas en el Brasil / Germano Mendes de Paula; Sávio de Carvallo Arújo; Welber Tomás de Oliveira - 5. Inclusión financiera de las pequeñas y medianas empresas en México: el papel de la banca de desarrollo / Ramón Lecuona V. - 6. Inclusión financiera de las pequeñas y medianas empresas en Colombia / Luis Alberto Zuleta J. - 7. Inclusión financiera de las microempresas y las pequeñas y medianas empresas en el Perú: el caso de la banca de desarrollo / Janina León - 8. Inclusión financiera de las pequeñas y medianas empresas en el Ecuador / Sylvia Neira Burneo - 9. Inclusión financiera de las pequeñas y medianas empresas en Costa Rica / Francisco Sancho Villalobos - 10. Inclusión financiera en América Latina desde una perspectiva regional / Joâo Carlos Ferraz; Luma Ramos - 11. Una caja de herramientas para promover la inclusión financiera / Ramón Lecuona Sylvia Neira Burneo; Luis Alberto Zuleta - 12. Aspectos a considerar en la construcción de un sistema financiero inclusivo para el financiamiento productivo / Esteban Pérez Caldentey; Daniel Titelman; Luis Rodrigo Díaz Pavez.
590 ## - LOCAL NOTE (RLIN)
Local note niveau_biblio:m niveau_hierar:0
700 1# - ADDED ENTRY--PERSONAL NAME
Personal name Titelman, Daniel
856 41 - ELECTRONIC LOCATION AND ACCESS
Uniform Resource Identifier <a href="https://www.biblioeco.unsa.edu.ar/pmb/images/libros/L127889.jpg">https://www.biblioeco.unsa.edu.ar/pmb/images/libros/L127889.jpg</a>
Link text Imagen de portada
Electronic format type image/jpeg
942 ## - ADDED ENTRY ELEMENTS (KOHA)
Koha item type
Existencias
Withdrawn status Lost status Damaged status Not for loan Home library Current library Shelving location Date acquired Total checkouts Full call number Barcode Date last seen Price effective from Koha item type
        Biblioteca Prof. Eusebio Cleto del Rey Biblioteca Prof. Eusebio Cleto del Rey   07/04/2026   336.11 P438 L127889 07/04/2026 07/04/2026 Libro